Athletes by Country - Winter Sports - Statistics

General Stats
  • This quiz has been taken 16 times
  • The average score is 14 of 24
Answer Stats
Hint Answer % Correct
Wayne Gretzky Canada
94%
Yuzuru Hanyū Japan
88%
Hwang Dae-heon South Korea
81%
Peter Forsberg Sweden
81%
Alexander Bolshunov Russia
75%
Jason Lamy Chappuis France
69%
Alberto Tomba Italy
69%
Tiril Eckhoff Norway
69%
Mikaela Shiffrin United States
69%
Stefan Kraft Austria
63%
Darya Domracheva Belarus
63%
Ester Ledecká Czech Republic
63%
Krista Pärmäkoski Finland
63%
Adam Małysz Poland
63%
Ivica Kostelić Croatia
56%
Dario Cologna Switzerland
56%
Eileen Gu China
50%
Felix Loch Germany
50%
Peter Prevc Slovenia
50%
Irene Schouten Netherlands
38%
Charlotte Bankes United Kingdom
38%
Juris Šics Latvia
25%
Zoi Sadowski-Synnott New Zealand
25%
Anastasiya Kuzmina Slovakia
25%
No matching quizzes found
Score Distribution
Percent of People with Each Score
Percentile by Number Answered
Your Score History
You have not taken this quiz